| 000 | 00552nam a2200205Ia 4500 | ||
|---|---|---|---|
| 005 | 20260429111911.0 | ||
| 008 | 260429s9999||||xx |||||||||||||| ||und|| | ||
| 020 | _a9789390013166 | ||
| 041 | _aEnglish | ||
| 082 |
_a384.3 _bBAK |
||
| 100 | _aBaker, Aria | ||
| 245 | 0 |
_aDigital economy : _bstrategy and behaviors / _cAria Baker |
|
| 260 |
_aPune : _bKnowledge Bakers, _c2024. |
||
| 300 | _ax, 201 p.; hb | ||
| 650 | _a Digital communication | ||
| 650 | _a Digital economics | ||
| 650 | _aCommerce | ||
| 700 | _a Webster, Harwell | ||
| 942 | _cTB | ||
| 999 |
_c51338 _d51338 |
||